MDQL
is popping MORE tags! Check the
thread
!
Quizzes
Events
Quiz Creation
Community
Videos
Private Events
Remove Ads
Sign In
Join for FREE
Feedback
Dark Mode
Quiz Categories
Sports
Geography
Music
Movies
Television
Just For Fun
Miscellaneous
History
Literature
Language
Science
Gaming
Entertainment
Religion
Holiday
For Kids
Quiz Lab
Recent
Popular Today
Quiz Kudos Today
Editor Picks
Curator Picks
Quizzes by...
Day
Popularity
Type
Ratings
Length
Year
Community
Subscriptions
Recent Discussions
Orange Saloon
Badges
Playlists
Quests
Create
Leaderboards
Showdown
Live 5
Trivia Bingo
Activity
Puzzle Library
Sporcle Events
Private Events
Virtual Trivia
Globe League
Become a Host
Pub Owners
SporcleCon
Opinionation
Our Games
Videos
Blog
Mobile Apps
Partnerships
Remove Ads and Go Orange
Feedback
Television
TV Characters
TV Show
Sitcom
Network
Friends
Reality Shows
Cast
South Park
Star Trek
The Simpsons
Doctor Who
Television
TV Characters
TV Show
Sitcom
Network
Friends
Reality Shows
Cast
South Park
Star Trek
The Simpsons
Doctor Who
Random Quiz
Search Sporcle
×
Quiz Lab
Quiz Lab
Television
Survivor Trivia
Type in answers that appear in a list
Type in answers that appear in a list
Classic
Best Score? Go Orange.
Survivor: Worlds Apart Cast by Who Voted Them Out Stats
Can you name the Survivor: Worlds Apart Cast by Who Voted For Them?
By
hatessisters
4m
14 Questions
317 Plays
317 Plays
317 Plays
Comments
Comments
Give Quiz Kudos
Give Quiz Kudos
-
- Ratings
hide this ad
More Info
Forced Order
Answers have to be entered in order
Answers have to be entered in order
Random Order
Randomize order of answers
Randomize order of answers
Replay
Link that replays current quiz
Next Quiz
Link to next quiz in quiz playlist
You Got
0%
They Got
Avg Score
89%
Avg Friend Score
Upgrade to see
Score Distribution
Jump to the score distribution portion of the page
Score
0/14
Timer
04:00
0
Plays Today
Votes Against
Castaway
% Correct
Carolyn, Mike
Dan & Rodney
96.5%
Carolyn, Dan, Mike, Rodney, Sierra, Tyler, Will
Hali
92.4%
Carolyn, Max, Shirin, Tyler
So
90.5%
Hali, Jenn, Will
Vince
90.5%
Hali, Jenn, Joe, Shirin
Kelly
90.2%
Dan, Mike, Rodney, Shirin, Sierra
Joe
89.9%
Carolyn, Mike, Tyler, Shirin, Will
Jenn
89.6%
Votes Against
Castaway
% Correct
Carolyn, Dan, Rodney, Sierra
Shirin
89.6%
Carolyn, Mike, Rodney, Will
Sierra
89%
Jenn, Joe, Will
Nina
88.6%
Carolyn, Hali, Jenn, Kelly, Will
Max
88.6%
Carolyn, Mike, Sierra
Tyler
87.7%
Dan, Joe, Mike, Sierra
Joaquin
85.2%
Dan, Kelly, Mike, Rodney
Lindsey
82.3%
Quiz Playlist
Details
Report
Send in Message
Add To Playlist
More Info:
Name the castaway by the players who voted for them at Tribal Council the night they went home
Classic:
Type in answers that appear in a list
Forced Order:
Answers have to be entered in order
Random Order:
Randomize order of answers
Last Updated: Feb 16, 2017
Quiz Scoreboard
CHALLENGE
Sign Up to Join the Scoreboard
Show All
Scores
Hide
Comments
May contain spoilers
Recently Published
1-10 Letter E Words III
by El_Dandy
Language
2m
Street Fighter Characters
by Artimus82
Gaming
60s
College Basketball Coaching Resumes
by pancakes188
Sports
9m
More to Explore
Quiz From the Vault
Featured Blog Post
Where Did the Easter Bunny Come From?
hide this ad
You Might Also Like...
Tags
Merge Survivors
Sole Survivor
Survivor
Survivor Buff
Survivor Castaways
Survivor Series
Survivor Trivia
Today's Top Quizzes in Television
Browse Television
hide this ad
Top Contributed Quizzes in Television
1
Survivor Journey Challenge
2
Adjectives in 80s TV Shows
3
Adjectives in 00s TV Shows
4
5-to-1: The Simpsons Families
5
5-to-1: Television Doctors
6
Adjectives in 10s TV Shows
7
7-to-1: TV Show Settings
8
Adjectives in 70s TV Shows
9
5-to-1: Streaming Originals
10
Survivor Seasons
Explore More
Trending Topics
Crossword
Anime
Marvel
Disney
Harry Potter
NBA
Kpop
The Office
Soccer
NFL
Pokémon
Country
Puzzle
Song
WWE
hide this ad
More By:
hatessisters
Quiz
Plays
Rating
Category
Featured
Created
Rihanna #1 Hits
47,071
4.32
Music
Dec 19, 2010
Harry Potter Character by clue
8,664
2.71
Literature
Feb 2, 2010
Survivor: Top 5 Confessionalists per Season
7,883
4.78
Television
Jun 29, 2016
Christina Aguilera Songs
3,232
3.67
Music
Jun 8, 2010
AFI 100 Years... 50 Villains
2,704
2.71
Movies
Sep 27, 2009
Go to Creator's Profile
Score Distribution
Quiz Creator Spotlight
hatessisters
Follow
Send a Message
Quizzes Created
-
Created Quiz Play Count
-
More By This Creator
Popular Quizzes Today
1
Find the US States - No Outlines Minefield
2
Find the Countries of Europe - No Outlines Minefield
3
The Countries of the World
4
Find the US States
5
Risky Map Clicking: Biggest States A-Z
6
US States
7
Popular People in 1961
8
Movies - When Are They Set?
More Television Quizzes
TV's Second Golden Age: Characters from TV Dramas
Published
Trending Quizzes
Risky Map Clicking: Least Populous States A-Z
1-10 Letter G Words
USA Borders Longest to Shortest
1-10 Letter F Words
Countries of the World: 200 Million BC
Recently Updated
Leaping Animals
pecheneg
Reality TV Shows (A-Z)
bhenderson79
Rickey Henderson's Hall of Fame Teammates
pecheneg
Champions League XIs: Arsenal
pecheneg
Quick Pick: Celebrities in WWE's Hall of Fame
aduchscher
A-Z Keypad Blitz II
pecheneg
Multiple Oscar Actors
pecheneg
Mystery Phrase Blitz: Oscar 'Best Actors'
pecheneg
F. Scott Fitzgerald Novels
LTH
Pick 3 Villains
ddd62291
Trending Topics
Harry Potter
NBA
Kpop
Marvel
Disney
Crossword
Anime
Puzzle
Soccer
Song
Pokémon
The Office
NFL
WWE
Country
Your Account Isn't Verified!
In order to create a playlist on Sporcle, you need to verify the email address you used during registration. Go to your
Sporcle Settings
to finish the process.
Report this User
Report this user for behavior that violates our
Community Guidelines
.
Details:
Send Report
Go to the Sporcle.com Mobile Site →
Comments